Lifestyle and Ways of Living of Senior Households

Dotazníkový prieskum zameraný na kvalitu života seniorov vybraného územia. Výsledky ukázali, že seniori majú úžitok, pokiaľ žijú v domácom prostredí, ale kvalita ich života môže byť výrazne ovplyvnená nedostatkom sociálneho kontaktu.

Gespeichert in:
Bibliographische Detailangaben
1. Verfasser: Vidová, Jarmila, 1967-
Format: Buchkapitel
Sprache:Englisch
Schlagworte:
Tags: Tag hinzufügen
Keine Tags, Fügen Sie das erste Tag hinzu!

MARC

LEADER 00000naa$a2200000$$$4500
001 0269807
005 20240502083808.9
041 0 |a eng 
044 |a RS 
245 1 0 |a Lifestyle and Ways of Living of Senior Households  |c Jarmila Vidová 
520 |a Dotazníkový prieskum zameraný na kvalitu života seniorov vybraného územia. Výsledky ukázali, že seniori majú úžitok, pokiaľ žijú v domácom prostredí, ale kvalita ich života môže byť výrazne ovplyvnená nedostatkom sociálneho kontaktu. 
610 2 0 |a kvalita života 
610 2 0 |a seniori 
610 2 0 |a domácnosti 
610 2 0 |a bývanie 
610 2 0 |a štýl životný 
100 1 |a Vidová, Jarmila, 1967-